Ekonomika a manažment zmien v podnikoch potravinárskeho priemyslu habilitačná práca
Salvato in:
| Autore principale: | |
|---|---|
| Ente Autore: | |
| Natura: | Libro |
| Lingua: | slovacco |
| Pubblicazione: |
Košice
2003
|
| Soggetti: | |
| Tags: |
Nessun Tag, puoi essere il primo ad aggiungerne!!
|
MARC
| LEADER | 00000nam$a2200000$$$4500 | ||
|---|---|---|---|
| 001 | 0040510 | ||
| 005 | 20240104093407.3 | ||
| 041 | 0 | |a slo | |
| 044 | |a SK | ||
| 245 | 1 | 0 | |a Ekonomika a manažment zmien v podnikoch potravinárskeho priemyslu |b habilitačná práca |c Anna Čepelová |
| 264 | 1 | |a Košice |c 2003 | |
| 300 | |a 110 s. | ||
| 610 | 2 | 0 | |a manažment |
| 610 | 2 | 0 | |a analýzy |
| 610 | 2 | 0 | |a makroekonomika |
| 610 | 2 | 0 | |a potravinárstvo |
| 610 | 2 | 0 | |a projekty |
| 610 | 2 | 0 | |a Slovensko |
| 100 | 1 | |a Čepelová, Anna | |
| 710 | 2 | |a Ekonomická univerzita v Bratislave. Podnikovohospodárska fakulta so sídlom v Košiciach | |